Municipios de Andalucía [en curso] (con un mapa) - Estadísticas

Estadísticas generales
  • Esta prueba ha sido intentada 1.230 veces
    114 desde el último reinicio
  • La puntuación promedio es 223 de 718
Respuestas en el mapa
Las respuestas están codificadas por una escala verde-roja en el mapa de la prueba según el % correcto abajo.
 
Estadísticas de respuestas
Municipio % Correcto
Cádiz
98%
Sevilla
98%
Huelva
96%
Jaén
96%
Málaga
96%
Córdoba
95%
Granada
95%
Jerez de la Frontera
95%
Jérez del Marquesado
95%
Dos Hermanas
93%
Algeciras
89%
La Línea de la Concepción
88%
Tarifa
88%
Benalmádena
86%
El Puerto de Santa Maria
84%
Marbella
84%
Rota
84%
Chiclana de Segura
82%
Ronda
82%
Alcalá la Real
80%
Estepona
80%
Torremolinos
80%
Chipiona
79%
San Fernando
79%
Antequera
77%
Ayamonte
75%
Barbate
75%
Motril
75%
Nerja
75%
Sanlúcar de Guadiana
75%
Sanlúcar la Mayor
75%
Almonte
73%
Conil de la Frontera
73%
Écija
73%
Osuna
73%
Utrera
73%
Vélez de Benaudalla
73%
Vélez-Málaga
73%
Chiclana de la Frontera
71%
Fuengirola
71%
Linares
71%
Linares de la Sierra
71%
San Juán de Aznalfarache
70%
San Juan del Puerto
70%
San Roque
70%
Baeza
68%
Lucena
68%
Lucena del Puerto
68%
Mijas
68%
Puerto Real
68%
Úbeda
68%
Alhaurín de la Torre
66%
Andújar
66%
Camas
66%
Alcalá de Guadaíra
64%
Guadix
64%
Isla Cristina
64%
Lebrija
64%
Los Barrios
64%
Los Palacios y Villafranca
64%
Sanlúcar de Barrameda
64%
Vejer de la Frontera
64%
Arcos de la Frontera
63%
Baza
63%
Carmona
63%
Lepe
63%
Puente de Génave
63%
Alhaurín el Grande
61%
Cabra
61%
Cabra de Santo Cristo
61%
Morón de la Frontera
61%
Rincón de la Victoria
61%
Baena
59%
Loja
59%
Manilva
59%
Marchena
59%
Coín
57%
Grazalema
57%
Puente Genil
57%
Punta Umbría
57%
Torrox
57%
Coria del Río
55%
Martos
55%
Medina Sidonia
55%
Arahal
54%
Bailén
54%
Bollullos de la Mitación
54%
Bormujos
54%
Cártama
54%
Estepa
54%
Montilla
54%
Ubrique
54%
Almuñécar
52%
Casares
52%
Trebujena
52%
El Valle
50%
Lora del Río
50%
Mairena de Aljarafe
50%
Palos de la Frontera
50%
Pozoblanco
50%
Priego de Córdoba
50%
Tomares
50%
Benalup-Casas Viejas
48%
Cazorla
48%
El Cuervo de Sevilla
48%
Guarromán
48%
Jimena
48%
La Rinconada
48%
Moguer
48%
Montoro
48%
Pizarra
48%
Adamuz
46%
Alcalá de los Gazules
46%
Cartaya
46%
Castilleja de la Cuesta
46%
El Viso
46%
El Viso de Alcor
46%
Frigiliana
46%
Jimena de la Frontera
46%
La Algaba
46%
Olvera
46%
Santa Fe
46%
Algar
45%
Gines
45%
Hinojos
45%
Huétor Santillán
45%
La Carlota
45%
La Carolina
45%
Las Cabezas de San Juán
45%
Setenil de las Bodegas
45%
Algodonales
43%
Almodóvar del Río
43%
Cala
43%
Castellar
43%
Cortes de la Frontera
43%
Cortes y Graena
43%
Fuentes de Andalucía
43%
Gelves
43%
La Puebla del Río
43%
Mairena de Alcor
43%
Maracena
43%
Palma del Río
43%
Posadas
43%
Rute
43%
Villafranca de Córdoba
43%
Alhama de Granada
41%
Aracena
41%
Aznalcázar
41%
Benahavís
41%
Bollullos par del Condado
41%
Casabermeja
41%
Espartinas
41%
Hornachuelos
41%
Isla Mayor
41%
Marinaleda
41%
Montellano
41%
Palomares del Río
41%
Pilas
41%
Salobreña
41%
San José del Valle
41%
Santiponce
41%
Zahara de la Sierra
41%
Alameda
39%
Almensilla
39%
Álora
39%
Armilla
39%
Benacazón
39%
Campillo de Arenas
39%
Cañete la Real
39%
Cantillana
39%
Castellar de la Frontera
39%
Cazalla de la Sierra
39%
El Campillo
39%
Fuente Obejuna
39%
Gerena
39%
Guillena
39%
Huétor Tájar
39%
Iznájar
39%
Lanjarón
39%
La Puebla de Cazalla
39%
Las Gabias
39%
Mollina
39%
Paterna del Campo
39%
Valverde del Camino
39%
Villamanrique de la Condesa
39%
Villanueva del Trabuco
39%
Albolote
38%
Badolatosa
38%
Benaocaz
38%
Bornos
38%
Brenes
38%
Coripe
38%
Cuevas del Campo
38%
El Bosque
38%
El Coronil
38%
Espera
38%
Huéscar
38%
Humilladero
38%
La Campana
38%
Olivares
38%
Paradas
38%
Puebla de Don Fadrique
38%
Puerto serrano
38%
Tocina
38%
Torredonjimeno
38%
Valencina de la Concepción
38%
Villamartín
38%
Villanueva de Córdoba
38%
Villanueva del Río y Minas
38%
Villaverde del Río
38%
Aguadulce
36%
Aguilar de la Frontera
36%
Almogía
36%
Archidona
36%
Constantina
36%
El Pedroso
36%
El Rubio
36%
Gibraleón
36%
Gilena
36%
Guadalcanal
36%
Jabugo
36%
Lantejuela
36%
Las Navas de la Concepción
36%
Ojén
36%
Pruna
36%
Tolox
36%
Umbrete
36%
Villaluenga del Rosario
36%
Villaviciosa de Córdoba
36%
Alcalá del Río
34%
Alcalá del valle
34%
Aljaraque
34%
Almadén de la Plata
34%
El Saucejo
34%
Fuente de Piedra
34%
Herrera
34%
Hinojosa del Duque
34%
Jódar
34%
La Luisiana
34%
La Roda de Andalucía
34%
Montalbán de Córdoba
34%
Pedrera
34%
Peñaflor
34%
Prado del Rey
34%
San Nicolas del Puerto
34%
Santa Ana la Real
34%
Alanís
32%
Alcolea del Río
32%
Aznalcóllar
32%
Beas
32%
Beas de Segura
32%
Burguillos
32%
Campillos
32%
Cañada Rosal
32%
Casariche
32%
Castilblanco de los Arroyos
32%
Cortegana
32%
Cumbres de San Bartolomé
32%
El Castillo de las Guardas
32%
Fernán-Núñez
32%
Fuente Palmera
32%
Gaucín
32%
Huelma
32%
La Palma del Condado
32%
La Zubia
32%
Los Corrales
32%
Mancha Real
32%
Montemayor
32%
Orce
32%
Órgiva
32%
Pedroche
32%
Peñarroya-Pueblonuevo
32%
Pinos Puente
32%
Rus
32%
Salteras
32%
Villablanca
32%
Albaida de Aljarafe
30%
Almargen
30%
Alosno
30%
Arjona
30%
Atarfe
30%
Belmez
30%
Bélmez de la Moraleda
30%
Dos Torres
30%
El Burgo
30%
El Garrobo
30%
El Ronquillo
30%
Espiel
30%
La Puebla de los Infantes
30%
La Rambla
30%
Lora de Estepa
30%
Luque
30%
Martín de la Jara
30%
Monturque
30%
Moriles
30%
San Bartolomé de la Torre
30%
Santiago de Calatrava
30%
Algámitas
29%
Aroche
29%
Carrión de los Céspedes
29%
Castilleja del Campo
29%
Cuevas de San Marcos
29%
El Gastor
29%
El Madroño
29%
El Real de la Jara
29%
Espejo
29%
Guadalcázar
29%
Huévar de Aljarafe
29%
Los Molares
29%
Minas de Riotinto
29%
Montefrío
29%
Niebla
29%
Paterna de Rivera
29%
Porcuna
29%
Rociana del Condado
29%
Sierra de Yeguas
29%
Totalán
29%
Treveléz
29%
Vilches
29%
Villa del Río
29%
Villanueva de la Concepción
29%
Villanueva del Rosario
29%
Zalamea la Real
29%
Arenas
27%
Arenas del Rey
27%
Arriate
27%
Baños de la Encina
27%
Belalcázar
27%
Bonares
27%
Cardeña
27%
Castilleja de Guzmán
27%
Castro del Río
27%
Cuevas del Becerro
27%
Encinasola
27%
Gor
27%
Higuera de Calatrava
27%
Higuera de la Sierra
27%
Íllora
27%
Istán
27%
Mengíbar
27%
Paymogo
27%
San Sebastián de los Ballesteros
27%
Santaella
27%
Segura de la Sierra
27%
Teba
27%
Torre-Alháquime
27%
Trigueros
27%
Valle de Abdalajís
27%
Villanueva del Ariscal
27%
Villanueva de San Juán
27%
Villarasa
27%
Yunquera
27%
Zufre
27%
Zuheros
27%
Alájar
25%
Alcaudete
25%
Algarrobo
25%
Almonaster la Real
25%
Ardales
25%
Benaoján
25%
Bujalance
25%
Calañas
25%
Chucena
25%
Cúllar
25%
Cumbres de Enmedio
25%
Dúrcal
25%
Escacena del Campo
25%
Galaroza
25%
Júzcar
25%
Manzanilla
25%
Marmolejo
25%
Monda
25%
Nerva
25%
Obejo
25%
Pedro Abad
25%
Rosal de la Frontera
25%
Salar
25%
Santa Elena
25%
Santa Olalla del Cala
25%
Torreperogil
25%
Villaharta
25%
Villanueva de los Castillejos
25%
Villanueva del Rey
25%
Albuñol
23%
Almedinilla
23%
Arjonilla
23%
Arroyomolinos de León
23%
Benamejí
23%
Cañete de las Torres
23%
Carcabuey
23%
Casarabonela
23%
Castril
23%
Cumbres Mayores
23%
Doña Mencia
23%
El Granado
23%
Espeluy
23%
Fuente-Tojar
23%
Guaro
23%
Iznalloz
23%
La Victoria
23%
Montejaque
23%
Pelígros
23%
Quesada
23%
Torredelcampo
23%
Valdepeñas de Jaén
23%
Valenzuela
23%
Villacarrillo
23%
Villalba del Alcor
23%
Villanueva de Tapia
23%
Zafarraya
23%
Benalúa
21%
Cabezas Rubias
21%
Campofrío
21%
Capileira
21%
Carratraca
21%
Castillo de Locubín
21%
Cómpeta
21%
Conquista
21%
Corteconcepción
21%
Cortelazor
21%
Cuevas Bajas
21%
Darro
21%
El Almendro
21%
El Carpio
21%
El cerro de Andévalo
21%
Fuenteheridos
21%
Hinojales
21%
Jubrique
21%
Jun
21%
La Granada de Río-Tinto
21%
Los Marines
21%
Monachil
21%
Moraleda de Zafayona
21%
Pampaneira
21%
Puerto Moral
21%
San Silvestre de Guzmán
21%
Torreblascopedro
21%
Torrecampo
21%
Valdelarco
21%
Villanueva de la Reina
21%
Villanueva del Arzobispo
21%
Villanueva del Duque
21%
Zújar
21%
Alpandeire
20%
Añora
20%
Berrocal
20%
Cañaveral de León
20%
Canena
20%
Canillas de Aceituno
20%
Colmenar
20%
Comares
20%
Dólar
20%
Fuente Carreteros
20%
Gorafe
20%
Huesa
20%
Huétor Vega
20%
La Granjuela
20%
La nava
20%
Lopera
20%
Los Blázquez
20%
Navas de San Juán
20%
Nueva carteya
20%
Padul
20%
Palenciana
20%
Pegalajar
20%
Puebla de Guzmán
20%
Santa Bárbara de Casa
20%
Santa Eufemia
20%
Valsequillo
20%
Villanueva de Algaidas
20%
Villardompardo
20%
Alcaracejos
18%
Alcaucín
18%
Alfarnate
18%
Alfarnatejo
18%
Alozaina
18%
Benalauría
18%
Canillas de Albaida
18%
El Guijo
18%
El Pinar
18%
Fuensanta de Martos
18%
Fuente la Lancha
18%
Fuente Vaqueros
18%
Genalguacil
18%
Jamilena
18%
La Calahorra
18%
La Guardia de Jaén
18%
Nevada
18%
Parauta
18%
Peal de Becerro
18%
Periana
18%
Pozo Alcón
18%
Santiago-Pontones
18%
Serrato
18%
Soportújar
18%
Ugíjar
18%
Villanueva de las Cruces
18%
Villanueva Mesía
18%
Viñuela
18%
Alfacar
16%
Almáchar
16%
Benadalid
16%
Benamargosa
16%
Benamocarra
16%
Bubión
16%
Castaño de Robledo
16%
Cenes de la Vega
16%
Cogollos de la Vega
16%
Cúllar Vega
16%
Dílar
16%
Galera
16%
Hornos
16%
Iznate
16%
Iznatoraf
16%
Jabalquinto
16%
Láchar
16%
Los Villares
16%
Orcera
16%
Píñar
16%
Pujerra
16%
Riogordo
16%
Sabiote
16%
Santisteban del Puerto
16%
Villaralto
16%
Aldeaquemada
14%
Algatocín
14%
Atajate
14%
Bérchules
14%
Cartajima
14%
Chauchina
14%
Cútar
14%
Diezma
14%
El Borge
14%
Encinas Reales
14%
Faraján
14%
Frailes
14%
Fuerte del Rey
14%
Huéneja
14%
Ibros
14%
Igualeja
14%
Jimera de Líbar
14%
Lahiguera
14%
Ogíjares
14%
Pulianas
14%
Purullena
14%
Santo Tomé
14%
Sedella
14%
Torres
14%
Válor
14%
Víznar
14%
Albánchez de Mágina
13%
Alquife
13%
Árchez
13%
Arquillos
13%
Bedmar y Garciéz
13%
Benarrabá
13%
Deifontes
13%
Güejar Sierra
13%
La Iruela
13%
Salares
13%
Santa Cruz del Comercio
13%
Sayalonga
13%
Siles
13%
Torres de Albánchez
13%
Vegas del Genil
13%
Albondón
11%
Caniles
11%
Castilléjar
11%
Chimeneas
11%
Cijuela
11%
Cogollos de Guadix
11%
Cortes de Baza
11%
Escañuela
11%
Génave
11%
Gualchos
11%
Güevejar
11%
Hinojares
11%
La Puerta de Segura
11%
Lupión
11%
Macharaviaya
11%
Moclín
11%
Moclinejo
11%
Montillana
11%
Murtas
11%
Noalejo
11%
Pedro Martinez
11%
Polopos
11%
Sorihuela de Guadilimar
11%
Alamedilla
9%
Alhendín
9%
Alpujarra de la Sierra
9%
Beas de Granada
9%
Beas de Guadix
9%
Benamaurel
9%
Benatae
9%
Cádiar
9%
Cambil
9%
Campotéjar
9%
Carboneros
9%
Cazalilla
9%
Churriana de la Vega
9%
Dehesas de Guadix
9%
Dúdar
9%
Ferreira
9%
Fonelas
9%
Freila
9%
Gobernador
9%
Guadahortuna
9%
La Malahá
9%
Lanteira
9%
Larva
9%
Lecrín
9%
Montizón
9%
Nívar
9%
Peal de Becerro
9%
Pinos Genil
9%
Villarodrigo
9%
Agrón
7%
Algarinejo
7%
Arroyo del Ojanco
7%
Begíjar
7%
Busquístar
7%
Cacín
7%
Cájar
7%
Calicasas
7%
Cárcheles
7%
Chilluévar
7%
Colomera
7%
Escúzar
7%
Gójar
7%
Huélago
7%
Jayena
7%
Jete
7%
Juviles
7%
Lentegí
7%
Molvízar
7%
Montejícar
7%
Otívar
7%
Torres de Albánchez
7%
Ventas de Huelma
7%
Villatorres
7%
Albuñán
5%
Alicún de Ortega
5%
Almegíjar
5%
Benalúa de las villas
5%
Cástaras
5%
Ítrabo
5%
La Peza
5%
La Taha
5%
Lobras
5%
Los Guájares
5%
Lugros
5%
Lújar
5%
Nigüelas
5%
Quéntar
5%
Sorvilán
5%
Torre-Cardela
5%
Valle del Zalabí
5%
Villa de Otura
5%
Villanueva de las Torres
5%
Zagra
5%
Albuñuelas
4%
Aldeire
4%
Cáñar
4%
Carataunas
4%
Polícar
4%
Pórtugos
4%
Rubite
4%
Torvizcón
4%
Marchal
2%
Morelábor
2%
Turón
2%
Villamena
2%
No se encontraron pruebas coincidentes
Distribución de puntuación
Porcentaje de gente con cada puntuación
Porcentaje por número respondido
Historial de tus puntuaciones
No has intentado esta prueba desde el último reinicio